Normal view
MARC view
- Rühle, Otto,
Entry Nombre Personal
001 - NUMERO DE CONTROL
- campo de control: 52692
003 - IDENTIFICADOR DE NUMERO DE CONTROL
- campo de control: MX-MxUPN
005 - FECHA Y HORA DE LA ÜLTIMA TRANSACCIÓN
- campo de control: 20240705095210.0
008 - DATOS DE LONGITUD FIJA
- campo de control de longitud fija: 240705|| aca||aabn | aaa d
040 ## - FUENTE DE CATALOGACIÓN
- Agencia original de catalogación: MX-MxUPN
- Lenguaje de catalogación: spa
- Agencia de transcripción: MX-MxUPN
100 1# - ENCABEZAMIENTO - NOMBRE PERSONAL
- Nombre personal: Rühle, Otto,
- Fechas asociadas con el nombre: 1874-1943
670 ## - FUENTE EN LA QUE SE LOCALIZARON DATOS
- Cita de la fuente: La escuela del trabajo, 1938:
- Información localizada: portada (Otto Rühle)
902 ## - CATALOGADOR
- Catalogador: Víctor Ruiz/050724
